000 00571nam a2200229Ia 4500
003 OSt
005 20220928143543.0
006 a|||||r|||| 00| 0
007 ta
008 220927b |||||||| |||| 00| 0 eng d
024 _a22598
037 _cTextual
040 _aSDCL
_cSDCL
_beng
041 _2eng
_aeng
082 _aW7v, M4
100 _aAlexander Peter Ed.
_9505774
245 0 _aUtopias
260 _c1984
700 _a Roger Gill Ed.
_9505775
942 _hW7v, M4
_cTEXL
_2CC
999 _c824591
_d824591